NLSUI OPAC header image

Insurance and consumer protection: The role of IRDA (Record no. 35429)

MARC details
000 -LEADER
fixed length control field 00599nam a2200193Ia 4500
003 - CONTROL NUMBER IDENTIFIER
control field OSt
005 - DATE AND TIME OF LATEST TRANSACTION
control field 20211216164455.0
008 - FIXED-LENGTH DATA ELEMENTS--GENERAL INFORMATION
fixed length control field 160316s2011 xxu||||| |||| 00| 0 eng d
040 ## - CATALOGING SOURCE
Transcribing agency .
082 ## - DEWEY DECIMAL CLASSIFICATION NUMBER
Classification number 343.071 PAT
Item number PAT
100 ## - MAIN ENTRY--PERSONAL NAME
Personal name Patil Ashok R.
245 ## - TITLE STATEMENT
Title Insurance and consumer protection: The role of IRDA
260 ## - PUBLICATION, DISTRIBUTION, ETC.
Place of publication, distribution, etc. Bangalore
Name of publisher, distributor, etc. Chair on Consumer Law and Practice, NLSIU
Date of publication, distribution, etc. 2011
300 ## - PHYSICAL DESCRIPTION
Extent 212-
650 ## - SUBJECT ADDED ENTRY--TOPICAL TERM
Topical term or geographic name entry element 1. consumer protection - insurance2. life insurance
700 ## - ADDED ENTRY--PERSONAL NAME
Personal name Muralisharan Y.G.
--
856 ## - ELECTRONIC LOCATION AND ACCESS
Uniform Resource Identifier <a href="http://opac.nls.ac.in:8081/xmlui/handle/123456789/894">http://opac.nls.ac.in:8081/xmlui/handle/123456789/894</a>
942 ## - ADDED ENTRY ELEMENTS (KOHA)
Source of classification or shelving scheme Dewey Decimal Classification
Koha item type Repository
Holdings
Withdrawn status Lost status Damaged status Not for loan Home library Current library Shelving location Date acquired Total Checkouts Full call number Barcode Date last seen Price effective from Koha item type
        NLS NLS   30/05/2017   343.071 PAT REP11636 30/05/2017 30/05/2017 Repository